000 00219nam a22000857a 4500
008 160917b xxu||||| |||| 00| 0 eng d
100 _9646
_aMisra.M
245 _aSocial Science-8
260 _aNew Delhi
_bAPC. Publications
_c2010
999 _c3303
_d3303